Memorias de la Emperatriz Catalina la Grande / (Record no. 43307)

MARC details
000 -LEADER
campo de control de longitud fija 00916nam a2200253 i 4500
001 - NÚMERO DE CONTROL
campo de control 43307
003 - IDENTIFICADOR DE NÚMERO DE CONTROL
campo de control ES-MaACL
005 - FECHA Y HORA DE LA ÚLTIMA TRANSACCIÓN
campo de control 20250829070139.0
007 - CAMPO FIJO DE DESCRIPCIÓN FÍSICA--INFORMACIÓN GENERAL
campo de control de longitud fija t|
008 - DATOS DE LONGITUD FIJA--INFORMACIÓN GENERAL
campo de control de longitud fija 030317s1957 sp ||||1| spa d
100 1# - ENTRADA PRINCIPAL--NOMBRE DE PERSONA
Nombre de persona Catalina
Numeración II
Títulos y otros términos asociados al nombre Emperatriz de Rusia.
9 (RLIN) 37041
245 10 - MENCIÓN DEL TÍTULO
Título Memorias de la Emperatriz Catalina la Grande /
Mención de responsabilidad, etc. [introducción, epílogo y notas de Jesús García Tolsá ; traducción de Manuel Bosch Barrett y Teresa Dini].
260 ## - PUBLICACIÓN, DISTRIBUCIÓN, ETC.
Lugar de publicación, distribución, etc. Barcelona :
Nombre del editor, distribuidor, etc. Mateu,
Fecha de publicación, distribución, etc. [1957]
300 ## - DESCRIPCIÓN FÍSICA
Extensión 365 p., 16 h. de lám. ;
Dimensiones 19 cm.
490 1# - MENCIÓN DE SERIE
Mención de serie Colección Keops
600 04 - PUNTO DE ACCESO ADICIONAL DE MATERIA--NOMBRE DE PERSONA
Nombre de persona Catalina
Numeración II
Títulos y otros términos asociados al nombre Emperatriz de Rusia.
9 (RLIN) 37041
700 1# - ENTRADA AGREGADA--NOMBRE PERSONAL
Nombre de persona García Tolsá, Jesús
9 (RLIN) 55332
700 1# - ENTRADA AGREGADA--NOMBRE PERSONAL
Nombre de persona Bosch Barrett, Manuel.
9 (RLIN) 30649
700 1# - ENTRADA AGREGADA--NOMBRE PERSONAL
Nombre de persona Dini, Teresa.
9 (RLIN) 44841
830 00 - PUNTO DE ACCESO ADICIONAL DE SERIE-TÍTULO UNIFORME
Título uniforme Colección Keops
9 (RLIN) 181983
852 ## - LOCALIZACIÓN
Ubicación ES-MaACL
Número de control de estantería G-15948
Sublocalización o colección R.61790
852 ## - LOCALIZACIÓN
Ubicación ES-MaACL
Número de control de estantería C-13879
Sublocalización o colección R.40739
Holdings
Estatus retirado Estado de pérdida Estado de daño No para préstamo Biblioteca de origen Biblioteca actual Ubicación en estantería Fecha de adquisición Fuente de adquisición Total de préstamos Signatura topográfica completa Código de barras Visto por última vez Precio de reemplazo Tipo de ítem Koha
        Biblioteca del Ateneo de Madrid Biblioteca del Ateneo de Madrid Sala Palomar 17/01/2008     C-13879 1045591 23/02/2023 23/02/2023 Libro impreso
        Biblioteca del Ateneo de Madrid Biblioteca del Ateneo de Madrid Sala Pecera Planta 3 17/01/2008     G-15948 1045590 23/02/2023 23/02/2023 Libro impreso